| 000 | 00358 a2200157 4500 | ||
|---|---|---|---|
| 001 | 68277 | ||
| 020 | _a9788466817431 | ||
| 040 | _cAnchieta - Pituba | ||
| 100 | _aStyring, James | ||
| 240 | 1 | 0 |
_aEscape from pizza palace _l |
| 245 | 1 | 0 | _aEscape from pizza palace |
| 300 | _a120 | ||
| 362 | 0 | _a2014 | |
| 650 | 4 | _aLiteratura juvenil em inglês | |
| 942 | _cBK | ||
| 999 |
_c68277 _d68277 |
||